00930nam a2200217 i 450000100060000000300090000600500170001500700030003200800410003502000180007608000190009424501930011326000860030630000220039249000860041454600400050065000410054070000230058183000860060485200220069018737ES-MaACL20230906151918.0t|020311s1996 fr |||| | fre d a2-85944-324-X a37(460)"15/16"03aLa formation de l'enfant en Espagne aux XVIe et XVIIe siècles b: Colloque International (Sorbonne et Collège d'Espagne, 25-27 septembre 1995) / csous la direction d'Augustin Redondo. aParis : bPublications de la Sorbonne : bPresses de la Sorbonne Nouvelle,c1996. a425 p. ; c24 cm.1 aTravaux du "Centre de recherche sur l'Espagne des XVIe et XVIIe siècles" ; v11 aTextos en francés y en español. 4aEnseñanza-zEspaña-yS.XVI-XVII.1 aRedondo, Augustin.0 aTravaux du "Centre de recherche sur l'Espagne des XVIe et XVIIe siècles" ; v11 aES-MaACLjL-25314